| 000 | 00720nam a2200241Ia 4500 | ||
|---|---|---|---|
| 003 | GCL | ||
| 008 | 140319s9999 xx 000 0 ara d | ||
| 040 |
_aGCL / _cGCL |
||
| 082 | 0 | 4 |
_a166 _bر م |
| 100 | 1 | _aرفقى زاهر | |
| 245 | 1 | 0 |
_aالمنطق الصورى تاريخة ومسائلة ونقده / _cرفقى زاهر |
| 260 |
_a[S.N] : _bدار المطبوعات الدولية ، _c1980 |
||
| 300 | _a215 | ||
| 490 | _a | ||
| 650 | 0 | 4 | _aالفلسفة |
| 650 | 0 | 4 | _aالاستقراء |
| 650 | 0 | 4 | _aالقياس المنطقى |
| 650 | 0 | 4 | _aالفلاسفة المسلمون |
| 650 | 0 | 4 | _aالمنطق |
| 650 | 0 | 4 | _aالاستدلال |
| 650 | 0 | 4 | _aالقياس الصورى |
| 942 |
_2ddc _cBK |
||
| 999 |
_c29370 _d29370 |
||